Research methods for graduate business and social science students (Record no. 184144)

MARC details
000 -LEADER
fixed length control field 00486nam a2200157Ia 4500
005 - DATE AND TIME OF LATEST TRANSACTION
control field 20250502165417.0
008 - FIXED-LENGTH DATA ELEMENTS--GENERAL INFORMATION
fixed length control field 231217s9999 xx 000 0 und d
020 ## - INTERNATIONAL STANDARD BOOK NUMBER
International Standard Book Number 9780761935896
082 ## - DEWEY DECIMAL CLASSIFICATION NUMBER
Classification number 001.42 ADA;1 R
100 ## - MAIN ENTRY--PERSONAL NAME
Personal name Adams, John. Khan, Hafiz T A. Raeside, Robert [et al...]
245 #0 - TITLE STATEMENT
Title Research methods for graduate business and social science students
260 ## - PUBLICATION, DISTRIBUTION, ETC. (IMPRINT)
Date of publication, distribution, etc. 2007
Name of publisher, distributor, etc. Response Books
Place of publication, distribution, etc. New Delhi
300 ## - PHYSICAL DESCRIPTION
Extent 270
650 ## - SUBJECT ADDED ENTRY--TOPICAL TERM
Topical term or geographic name as entry element graduate,business,social
942 ## - ADDED ENTRY ELEMENTS (KOHA)
Koha item type Books
Holdings
Date last seen Total Checkouts Full call number Accession number Old discount Uniform Resource Identifier Cost, replacement price Price effective from Category Lost status Damaged status Department Withdrawn status bill no. bill date Permanent Location Current Location Shelving location Entry date Vendor Cost, normal purchase price Grants Currency symbol Conversion rate Discount Discount type
26/01/2024   001.42 ADA;1 R 56276 25 digital/contents/56276.pdf 315.00 26/01/2024 Books     Central Library   2009/CRB/0000925 22/05/2013 Central Library Central Library Central Library 30/09/2009 Intact Book House Pvt Ltd 420.00 MBA RS 1 105 Rupees

© For any Suggestions or Query, please contact the library staff @ librarian@pes.edu or Phone: +9180 2672 1983/ 2108.